000 00413nam a2200169Ia 4500
008 221030s9999 xx 000 0 und d
020 _a8120307771
041 _aEnglish
082 _a105.23
100 _aM. Jain
245 0 _aComputer Organisation & System Software
_cby M. Jain, V. Pillai
260 _bBPB
_aNew Delhi
_c2001
300 _a380
650 _aBE Computer
700 _aV. Pillai
942 _cBK
999 _c7709
_d7709